Central Library and Information Centre
Sibsagar Girls' College, Sivasagar : Assam

BIOTECHNOLOGY - 4 (Record no. 27828)

MARC details
000 -LEADER
fixed length control field 00555cam a2200193ua 4500
001 - CONTROL NUMBER
control field 24580
008 - FIXED-LENGTH DATA ELEMENTS--GENERAL INFORMATION
fixed length control field 190622n II |||gr||||Z||||||eng
082 ## - DEWEY DECIMAL CLASSIFICATION NUMBER
Classification number 660.6
245 ## - TITLE STATEMENT
Title BIOTECHNOLOGY - 4
Medium Textual Documents
250 ## - EDITION STATEMENT
Edition statement 1ST.
260 ## - PUBLICATION, DISTRIBUTION, ETC.
Place of publication, distribution, etc. NEW DELHI
Name of publisher, distributor, etc. NEW AGE INTERNATIONAL LTD.
Date of publication, distribution, etc. 2004.
300 ## - PHYSICAL DESCRIPTION
Extent 250:
Dimensions 20CM.
500 ## - GENERAL NOTE
General note RUSA
653 ## - INDEX TERM--UNCONTROLLED
Uncontrolled term BIOTECHNOLOGY
700 ## - ADDED ENTRY--PERSONAL NAME
Personal name MAHESH,S.,
Relator term AUTHOR.
700 ## - ADDED ENTRY--PERSONAL NAME
Personal name VEDAMURTHY, A.B.,
Relator term AUTHOR.
Holdings
Withdrawn status Lost status Source of classification or shelving scheme Damaged status Not for loan Collection code Home library Current library Shelving location Date acquired Source of acquisition Cost, normal purchase price Full call number Barcode Date last seen Price effective from Koha item type Public note
    Dewey Decimal Classification     TBZOO Central Library and Information Centre Sibsagar Girls College Central Library and Information Centre Sibsagar Girls College ZOOLOGY BOOK RACK 31.10.2017 Bani Mandir 165.00 660.6 MAH 42011 02.07.2022 02.07.2022 Books V
    Dewey Decimal Classification     TBZOO Central Library and Information Centre Sibsagar Girls College Central Library and Information Centre Sibsagar Girls College ZOOLOGY BOOK RACK 31.10.2017 Bani Mandir 165.00 660.6 MAH 42012 02.07.2022 02.07.2022 Books V


Sibsagar Girl's College © 2020. All rights reserved.
Powered by Koha.
Maintained by Abhijit Borpuzari.